Представление документа в формате RUSMARC

ПолеНазваниеЗначение
  Тип записи a
  Библиографический уровень c
001 Контрольный номер 241632ae3b5642b2b5dc1525f2e368b3
005 Дата корректировки 20201206205157.9
010 Индекс ISBN __
a ISBN 978-5-98797-117-8 (в пер.)
d Цена 765-00, 500 экз.
100 Данные общей обработки __
a Данные общей обработки 19190305d2015||||||| 0rusy0189 ca
101 Язык документа 0_
a Язык текста rus
102 Страна публикации __
a Страна публикации ru|
102 Страна публикации __
a Страна публикации RU
105 Кодированные данные (монография) __
a Кодированные данные (монография) с|||||||000zy
200 Заглавие и сведения об ответственности 1_
a Заглавие Проект Ломоносова и экспедиция Чичагова
f Первые сведения об ответственности [Русское географическое общество ; составитель Ал. Соколов]
b Общее обозначение материала Текст
210 Выходные данные __
a Место издания Москва
c Издательство Paulsen
d Дата издания 2015
215 Физическое описание __
a Объем 134 с.
c Иллюстрации/тип воспроизводства ил.
d Формат 24 см
225 Серия __
a Серия Библиотека Совкомфлота: СКФ
327 Примечание о содержании __
a Примечание о содержании Краткое описание разных путешествий по северным морям и показание возможного проходу Сибирским океаном в Восточную Индию
327 Примечание о содержании __
a Примечание о содержании Экспедиция Чичагова
330 Аннотация __
a Аннотация В основу книги «Проект Ломоносова и экспедиция Чичагова», впервые выпущенной в 1854 году, легло составленное М. В. Ломоносовым «Краткое описание разных путешествий по Северным морям и показание возможного прохода Сибирским океаном в Восточную Индию». Издатель книги, Александр Соколов, считал эту работу важнейшим из трудов Ломоносова. И в наши дни этот исторический обзор остается весьма любопытным и политически значимым, поскольку отражает заслуги России в исследованиях Арктики. Сам проект для современного читателя выглядит фантастическим, поскольку подразумевает проход деревянного парусного судна через Северный полюс, однако исторической ценности исследования это нисколько не принижает. Кроме того, в книгу вошли материалы о подготовке экспедиции, инструкции ее руководителю, капитану бригадирского ранга Чичагову, оправдательная записка Чичагова, объясняющая причины неуспеха экспедиции, документы Адмиралтейской коллегии и письма, связанные с отправкой обоих плаваний Чичагова, а также описание его путешествий. Часть материалов книги, принадлежащих перу Ломоносова, была опубликована в составе собрания сочинений Михайло Васильевича, но вся подборка текстов, дающих полную картину предпосылок, подготовки и попытки пройти на парусном судне через Северный полюс, не переиздавалась с 1854 года.
600 Персоналии __
a Персоналии (Фамилия) Чичагов, В. Я.
c Дополнение к имени военачальник русский
f Даты 1726-1809
g Полное имя Василий Яковлевич
606 Тематические рубрики __
a Основная рубрика География
606 Тематические рубрики __
a Основная рубрика Страноведение
y Географическая подрубрика Арктика
y Географическая подрубрика Восточная Индия
y Географическая подрубрика Россия
610 Ключевые слова __
a Ключевые слова географические исследования
610 Ключевые слова __
a Ключевые слова географические экспедиции
610 Ключевые слова __
a Ключевые слова история географии
610 Ключевые слова __
a Ключевые слова история экспедиций
610 Ключевые слова __
a Ключевые слова морские путешествия
610 Ключевые слова __
a Ключевые слова исследовательские экспедиции
610 Ключевые слова __
a Ключевые слова персоналии
610 Ключевые слова __
a Ключевые слова экспедиции
610 Ключевые слова __
a Ключевые слова арктические исследования
610 Ключевые слова __
a Ключевые слова арктические экспедиции
610 Ключевые слова __
a Ключевые слова северные экспедиции
610 Ключевые слова __
a Ключевые слова подготовка экспедиций
610 Ключевые слова __
a Ключевые слова военачальники
686 Индексы других классификаций __
2 Код системы rubbks
a Классификационный индекс 26.89(001)
702 Вторичная интеллектуальная ответственность _1
a Фамилия Соколов
b Имя А. П.
4 Код отношения Составитель
f Даты 1816-1858
g Полное личное имя Александр Петрович
4 Код отношения 220
702 Вторичная интеллектуальная ответственность _1
a Фамилия Ломоносов
b Имя М. В.
4 Код отношения Автор
f Даты 1711-1765
g Полное личное имя Михаил Васильевич
4 Код отношения 070
711 Наименование организации. (Альтернативная ответственность) __
a Организация/ юрисдикция Русское географическое общество
801 Источник записи _0
a Страна ru
b Организация Муниципальное бюджетное учреждение культуры "Централизованная библиотечная система" г. Сургут (Центральная городская библиотека им. А. С. Пушкина)
c Дата составления 20190305
g Правила каталогизации PSBO
801 Источник записи _1
a Страна ru
b Организация Муниципальное бюджетное учреждение культуры "Централизованная библиотечная система" г. Сургут (Центральная городская библиотека им. А. С. Пушкина)
c Дата составления 20190305
g Правила каталогизации PSBO
852 Данные о местонахождении __
j Шифр хранения 26.89(001)
i Авторский знак П 79
901 Тип документа __
t Тип документа x
a Ответственный КиК/Лукашук
903 Характеристики (МАРС) __
a Дата передачи 20190305
990 Данные о заказе (DOS) __
j Количество экземпляров (DOS) 1
t N записи в КСУ для И/У (DOS) 201903